00460nam a2200181 a 4500001001300000003000900013005001700022008004100039020001000080082001500090100001800105245003300123260003700156300000900193500003500202650002300237700001800260nice12345678IN_TiNIC20260116012504.0071016s1973 boma grp 000 0 eng  ac10000a220.7bSTE aSterrett, T N aHow to Understand Your Bible aBombaybJyoti Pocket Booksc1973 a164p aincludes index and biblioraphy aBible-Commentaries1 aSterrett, T N